Detalles MARC
| 000 -LIDER |
| fixed length control field |
01322nam a22003137a 4500 |
| 001 - NÚMERO DE CONTROL |
| Identificador de número de control |
000346 |
| 003 - IDENTIFICACDOR DE NÚMERO DE CONTROL |
| control field |
DO-SdBNP |
| 005 - DATE AND TIME OF LATEST TRANSACTION |
| control field |
20171109104523.0 |
| 007 - CAMPOS FIJOS DE DESCRIPCIÓN FÍSICA |
| fixed length control field |
000346 |
| 008 - ELEMENTOS DE LONGITUD FIJA |
| fixed length control field |
160704b 2002 nyu xxu||||| |||| 00| 0 spa d |
| 020 ## - ISBN |
| International Standard Book Number |
0393051242 |
| 040 ## - FUENTE DE CATALOGACIÓN |
| Agencia que crea de manera original el registro |
BPMSU |
| Idioma de catalogación |
spa |
| Agencia que realiza la transcripción |
BPMSU |
| 082 #4 - NÚMERO DE CLASIFICACIÓN DECIMAL DE DEWEY |
| Classification number |
337 |
| Item number |
S855g |
| 100 1# - ASIENTO PRINCIPAL -- NOMBRE PERSONAL |
| Nombre personal |
Stiglitz, Joseph E., |
| Fechas asociadas con el nombre |
1943- |
| 245 10 - MENCIÓN DE TITULO |
| Título |
Globalization and its discontents / |
| Mención de responsabilidad |
Joseph E. Stiglitz. |
| 260 ## - PUBLICACIÓN, DISTRIBUCIÓN, ETC. (PIE DE IMPRENTA) |
| Lugar de publicación, distribución, etc |
New York ; London : |
| Nombre del editor, distribuidor, etc. |
W. W. Norton, |
| Fecha de publicación, distribución, etc |
2002. |
| 300 ## - DESCRIPCIÓN FÍSICA |
| Extensión |
xxii, 282 p. ; |
| Dimensiones |
24 cm. |
| 505 0# - NOTA DE CONTENIDO |
| Título |
The promise of global institutions -- |
| -- |
Broken promises -- |
| -- |
Freedom to choose? -- |
| -- |
The East Asian crisis : how IMF policies brought the world to the verge of a global meltdown -- |
| -- |
Who lost Russia? -- |
| -- |
Unfair trade laws and other mischief -- |
| -- |
Better roads to the market -- |
| -- |
The IMF's other agenda -- |
| -- |
The way ahead. |
| 610 2# - ENCABEZAMIENTO DE MATERIA--NOMBRE CORPORATIVO |
| Nombre corporativo o de jurisdicción |
FONDO MONETARIO INTERNACIONAL |
| Subdivisión geográfica |
PAÍSES EN DESARROLLO |
| 650 #4 - ENCABEZAMIENTO DE MATERIA--TEMÁTICO |
| Término temático o nombre geográfico como elemento de entrada |
GLOBALIZACIÓN |
| Subdivisión temática general |
ASPECTOS ECONÓMICOS |
| 650 #4 - ENCABEZAMIENTO DE MATERIA--TEMÁTICO |
| Término temático o nombre geográfico como elemento de entrada |
REGULACIÓN DEL COMERCIO EXTERIOR |
| 650 #4 - ENCABEZAMIENTO DE MATERIA--TEMÁTICO |
| Término temático o nombre geográfico como elemento de entrada |
RELACIONES ECONÓMICAS INTERNACIONALES |
| 650 #4 - ENCABEZAMIENTO DE MATERIA--TEMÁTICO |
| Término temático o nombre geográfico como elemento de entrada |
POLÍTICA ECONÓMICA |
| 651 #4 - ENCABEZAMIENTO DE MATERIA--NOMBRE GEOGRÁFICO |
| Nombre geográfico |
ESTADOS UNIDOS |
| Subdivisión temática general |
POLÍTICA COMERCIAL |
| 910 ## - VALIDACIÓN |
| Validación |
Validado. Control de calidad MFF |
| 942 ## - ADDED ENTRY ELEMENTS (KOHA) |
| Source of classification or shelving scheme |
Dewey Decimal Classification |
| Koha item type |
Libros |
| 945 ## - INFORMACIÓN DE PROCESAMIENTO LOCAL |
| Información de procesamiento local |
Inventariado, 2017/MFF |
| 956 ## - LOCAL ELECTRONIC LOCATION AND ACCESS (OCLC) |
| Método de acceso |
LOPEREZ |
| Materiales especificados |
10 |
| Enlace |
20160704 |
| Campo enlazado y núm. de secuencia |
BPMSU |
| Nombre de host |
00041 |